| 000 | 01152nam a2200289 c 4500 | ||
|---|---|---|---|
| 001 | 000030697 | ||
| 003 | RuMoIPM | ||
| 005 | 20260601111427.0 | ||
| 008 | 230210s1969 ru ||||||| |||| ||rus d | ||
| 035 | _a(RuMoBEN) 001957555 | ||
| 035 | _a(ELAR retro) [2022] 000026812 | ||
| 040 |
_aRuMoBEN _brus _ercr |
||
| 041 | 0 |
_arus _heng |
|
| 044 | _aru | ||
| 080 | _a511.2 | ||
| 245 | 1 | 0 |
_aАлгебраическая теория чисел = _bAlgebraic Number Theory _cПод ред. Дж. Касселса и А. Фрелиха ; Пер. с англ. А. А. Бельского [и др.] ; Под ред. И. И. Пятецкого-Шапиро |
| 260 |
_aМосква _bМир _c1969 |
||
| 300 | _a483 с. | ||
| 500 | _aВ содерж. авт.: А. Фрелих, Дж. Касселс, Б. Дж. Берч и др. | ||
| 500 | _aДоп. тит. л. англ. | ||
| 504 | _aБиблиогр. в конце гл. | ||
| 700 | 1 | _aКасселс, Джон | |
| 700 | 1 | _aФрелих, Альбрехт | |
| 700 | 1 | _aБёрч, Брайан Джон | |
| 700 | 1 |
_aПятецкий-Шапиро, Илья Иосифович _eред. |
|
| 942 | _cBK | ||
| 999 |
_c30697 _d30697 |
||